00436nam a2200121Ia 4500008004100000020001500041041001200056082002100068100004100089245012400130260004500254300001500299231217s9999 xx 000 0 und d a8120406656 aEnglish a624.18 MAD;1 R aMadhava Rao, A G. Appa Rao, T V S R. 0aFatigue and fracture in steel and concrete structures Vol.1 : ISFF '91 proceedings, December 19-21, 1991, Madras, India c1991bOxford & IBH PublishingaNew Delhi axviii, 680